|
|
|
|
| LEADER |
00000nab a2200000 a 4500 |
| 001 |
vtls000866065 |
| 003 |
SK-MaSNL |
| 005 |
20260305020420.0 |
| 008 |
141122c2002 xo 0 eng |
| 015 |
|
|
|a SNBRB2004/03-08995
|
| 035 |
|
|
|a CLN000217617
|
| 040 |
|
|
|a SNKBUCL
|b slo
|c SNKBUCL
|e AACR2
|
| 041 |
0 |
|
|a eng
|
| 044 |
|
|
|a xo
|c SK
|
| 080 |
|
|
|a 616.248:376:061.3
|2 1997
|
| 245 |
0 |
0 |
|a Edukačný program u pacientov s astmou bronchiale
|c M. Tanáčová ... [et al.]
|
| 246 |
1 |
1 |
|a <<The>> educational program in asthmatic patients
|
| 650 |
0 |
7 |
|a astma
|2 MESH
|9 2427
|
| 650 |
0 |
7 |
|a výchova a poučenie pacientov
|2 MESH
|9 25823
|
| 650 |
0 |
7 |
|a abstrakty z kongresu
|2 MESH
|9 168204
|
| 655 |
|
7 |
|a články z novín a časopisov
|2 snkbucl
|9 267496
|
| 700 |
1 |
|
|a Tanáčová, M.
|4 aut
|9 1308087
|
| 700 |
1 |
|
|a Hrušková, S.
|4 aut
|9 1436979
|
| 700 |
1 |
|
|a Šimorová, M.
|4 aut
|9 684450
|
| 700 |
1 |
|
|a Petríček, Štefan,
|d 1948-
|4 aut
|9 256454
|
| 710 |
2 |
|
|a Česká pneumologická společnost.
|b Kongres
|n (11. :
|d 2002 :
|c Olomouc, Česko)
|4 aut
|9 105649
|
| 773 |
0 |
|
|t Studia pneumologica et phthiseologica
|g Vol. 62, supl. 1 (2002), p. 71
|x 1213-810X
|
| 850 |
|
|
|a Slovenská národná knižnica v Martine
|
| 852 |
|
|
|a SNK
|b KIS3GCP
|
| 958 |
|
|
|a MI
|
| 999 |
|
|
|c 3280554
|d 3282484
|